000 01151nam a22002411a 4500
001 18897
003 OSt
005 20260204212427.0
008 181023s2018||||dr ||||||b||||||||||spa||
090 _aEDU-OR 2018 B35
100 1 _aBelén Belén, Marieli Antonia
_esustentante
245 1 _aRol del Orientador en el aprendizaje de los niños con trastorno de Dislexia y Disgrafía Taira Magdalena María/Marieli Antonia Belén Belén, Francisca Leidy Reyes y Luis Miguel Farías. ; asesor Agustina de La Cuz
260 _aCotuí, República Dominicana :
_bUTECO,
_c2018
300 _a69 hojas :
_bIlustraciones ;
_c28cm.
502 _aTrabajo de grado (Licenciatura en Educación, Mención Orientación Escolar)--Universidad Tecnológica del Cibao Oriental, 2018
504 _aIncluye referencia bibliográfica e índice
650 4 _aRol del Orientador en el aprendizaje de los niños
700 1 _a Leidy Reyes, Francisca
_esustentante
700 1 _a Miguel Farías, Luis
_esustentante
700 1 _aDe La Cuz, Agustina
_easesor
830 _aTesis y disertaciones académicas (Universidad Tecnológica del Cibao Oriental)
942 _2LC
_cTH
999 _c18897
_d18897